000
00317nam a2200121Ia 4500
008
190216s9999||||xx |||||||||||||| ||und||
100
_a
Atkins P W&Amp; Friedman R S
245
0
_a
Molecular Quantum Mechanics
260
_b
Oxford University Press
_c
2001
300
_a
545p
650
_a
Chemistry-Chemistry
942
_c
BK
999
_c
2994
_d
2994